Obras de la gloriosa madre Santa Teresa de Jesus, fundadora de la Reforma de la Orden de Nuestra Señora del Carmen, de la Primitiva Observancia

Detalles Bibliográficos
Autor principal: Teresa de Jesús, santa, 1515-1582
Formato: Libro
Lenguaje:Spanish
Publicado: en Madrid : en la imprenta del Mercurio, Joseph de Orga, impressor, 1752.
Materias:
Colección:Banco de datos
Acervo:Biblioteca de la Orden de Carmelitas Descalzas de San José y Santa Teresa de Puebla. Puebla
Descripción Física:2 t. : il. ; 4°
Notas:Portada tipográfica a dos tintas con pleca y escudo de las carmelitas en grabado xilográfico. Texto a renglón seguido. Incluye frontispicio en grabado calcográfico. Incluye ilustraciones en grabado calcográfico. Incluye cabecera de título en grabado xilográfico. Incluye capitular floreada en grabado xilográfico. Tomo con portada y numeración propias. Año del t. 2 publicado en 1752. Paginación: t. 2 [4] h., 612, LIV p. Encuadernación en piel sobre cartón
LEADER 01507nam a22002050004500
035 |a 162 
041 0 |a spa 
100 1 |a Teresa de Jesús, santa, 1515-1582 
245 1 0 |a Obras de la gloriosa madre Santa Teresa de Jesus, fundadora de la Reforma de la Orden de Nuestra Señora del Carmen, de la Primitiva Observancia  
260 |a en Madrid : en la imprenta del Mercurio, Joseph de Orga, impressor, 1752. 
300 |a 2 t. : il. ; 4° 
500 |a Portada tipográfica a dos tintas con pleca y escudo de las carmelitas en grabado xilográfico. Texto a renglón seguido. Incluye frontispicio en grabado calcográfico. Incluye ilustraciones en grabado calcográfico. Incluye cabecera de título en grabado xilográfico. Incluye capitular floreada en grabado xilográfico. Tomo con portada y numeración propias. Año del t. 2 publicado en 1752. Paginación: t. 2 [4] h., 612, LIV p. Encuadernación en piel sobre cartón  
504 |a Al principio de la obra está el índice de capítulos y la fe de erratas 
504 |a Al final de la obra está el índice de las cosas más notables 
504 |a Al final de la obra está el índice de los lugares de la Sagrada Escritura 
600 1 4 |a Teresa de Jesús, santa, 1515-1582-Obras 
949 |a Fondo Bibliográfico Antiguo de las Carmelitas Descalzas de San José y Santa Teresa, Puebla, Puebla t. 2 (248) 
942 |c CARMELITAS 
943 |g Biblioteca de la Orden de Carmelitas Descalzas de San José y Santa Teresa de Puebla. Puebla 
999 |c 950621  |d 950621